00597nam a2200169 i 450000100060000000300090000600500170001500700030003200800410003510000340007624500570011026000500016730000390021785200320025699900170028895201220030595452ES-MaACL20230906181716.0t|050530s1964 sp ||||1| spa d1 aLlabrés Mut, Rafael.97263610aDe grumete a contramaestre / cRafael Llabrés Mut. aCiudadela : b[s.n.], c1964 (fImp. Altés) a124 p., 21 lám. pleg. ; c22 cm. aES-MaACLjC-29591 bR.56190 c95452d95452 00104070aATENEOMbATENEOMcDEPO2d2008-01-17eSCl0oC-29591p1099671r2023-02-23 00:00:00w2023-02-23yMONOGRAFIA